000 00618cam a22002173a 4500
001 37381
003 PGUSA
005 20140828083823.0
008 110910s2011||||xxu|||||s|||||000 | eng d
040 _aPGUSA
_beng
042 _adc
100 1 _aGrimm, Wilhelm,
_d1786-1859
245 1 0 _aSnowdrop and Other Tales
_h[electronic resource] /
_cWilhelm Grimm
260 _bProject Gutenberg,
_c2011
506 _aPublic domain in the USA.
516 _aElectronic text
700 1 _aRackham, Arthur,
_d1867-1939
830 0 _aProject Gutenberg
_v37381
856 4 0 _uhttp://www.gutenberg.org/ebooks/37381
942 _cEB
999 _c266635
_d266635